Normal view MARC view
  • Aristocracy (Social class)

Entry Topical Term

Number of records used in: 2

001 - CONTROL NUMBER

  • control field: 14128

003 - CONTROL NUMBER IDENTIFIER

  • control field: NUST

005 - DATE AND TIME OF LATEST TRANSACTION

  • control field: 20190422055032.0

008 - FIXED-LENGTH DATA ELEMENTS

  • fixed length control field: 190422|| aca||aabn | a|a d

040 ## - CATALOGING SOURCE

  • Original cataloging agency: NUST
  • Transcribing agency: NUST

150 ## - HEADING--TOPICAL TERM

  • Topical term or geographic name entry element: Aristocracy (Social class)
  • Form subdivision: Fiction.

670 ## - SOURCE DATA FOUND

  • Source citation: Work cat.: (NUST)233685: Du Maurier, Daphne, 1907-1989. 14127, The scapegoat., 1957.
© 2023 Central Library, National University of Sciences and Technology. All Rights Reserved.